• 首页
  • 本馆介绍
  • 公告通知
  • 最新文献
  • 馆藏检索
  • 电子资源
  • 读者导购
  • 参考咨询
  • 我的图书馆
  • 登录
  • 详细信息显示
  • 放入我的书架
  • 预约/预借图书
  • 作者相关作品
  • 分类相关作品
  • 丛书相关作品
  • 出版社相关作品

书目信息

  • 表格格式
  • 工作单格式
  • 卡片格式
题名:
重大行政决策监督法治化研究
    
 
作者: 王小萍 著
分册:  
出版信息: 北京   经济管理出版社  2019.10
页数: 175页
开本: 24cm
丛书名: 平话法律丛书
单 册:
中图分类: D922.114
科图分类:
主题词: 行政管理--xing zheng guan li--行政法--研究--中国
电子资源:
ISBN: 978-7-5096-4472-0
000 01663nam 2200277 450
001 2342307487
005 20231211114537.40
010    @a978-7-5096-4472-0@d68.00CNY
100    @a20200901d2019 em y0chiy50 ea
101 0  @achi
102    @aCN@b110000
105    @ay z 000yy
200 1  @a重大行政决策监督法治化研究@Azhong da xing zheng jue ce jian du fa zhi hua yan jiu@d= Research on the legalization of supervision over making significant administrative decisions@f王小萍著@zeng
210    @a北京@c经济管理出版社@d2019.10
215    @a175页@d24cm
225 2  @a平话法律丛书@Aping hua fa lv cong shu
300    @a本书出版获得山西财经大学法学专项基金 (项目编号: 2019FXZX04) 支持
314    @a王小萍, 山西省沁县人, 法学硕士, 山西财经大学法学院教授。主要研究领域为行政法学、环境与资源保护法学。
330    @a从我国目前行政决策法治化的现状看, 地方政府决策法治化层面取得了重大进展, 制定了一系列有关政府重大行政决策的规章和规范性文件, 依此开展了一系列行政决策法治化探索活动。2019年5月《重大行政决策程序暂行条例》公布, 标志着我国政府决策法治化进入了一个新阶段, 但整体而言依然处于初步阶段有待深入研究。其中, 学界从监督角度对重大行政决策法治化的研究还属于薄弱环节需要进一步加强。本书对重大行政决策监督法治化的研究, 是基于现实的迫切需要, 是建立在我国宪法理论、法治政府理论以及部门行政法行政法制监督理论基础之上的。
410  0 @12001 @a平话法律丛书
510 1  @aResearch on the legalization of supervision over making significant administrative decisions@zeng
606 0  @a行政管理@Axing zheng guan li@x行政法@x研究@y中国
690    @aD922.114@v5
701  0 @a王小萍@Awang xiao ping@4著
801  0 @aCN@b湖北三新@c20200901
905    @aBZT@dD922.114@e11
    
    重大行政决策监督法治化研究= Research on the legalization of supervision over making significant administrative decisions/王小萍著.-北京:经济管理出版社,2019.10
    175页;24cm.-(平话法律丛书)
    本书出版获得山西财经大学法学专项基金 (项目编号: 2019FXZX04) 支持
    
    ISBN 978-7-5096-4472-0:68.00CNY
    从我国目前行政决策法治化的现状看, 地方政府决策法治化层面取得了重大进展, 制定了一系列有关政府重大行政决策的规章和规范性文件, 依此开展了一系列行政决策法治化探索活动。2019年5月《重大行政决策程序暂行条例》公布, 标志着我国政府决策法治化进入了一个新阶段, 但整体而言依然处于初步阶段有待深入研究。其中, 学界从监督角度对重大行政决策法治化的研究还属于薄弱环节需要进一步加强。本书对重大行政决策监督法治化的研究, 是基于现实的迫切需要, 是建立在我国宪法理论、法治政府理论以及部门行政法行政法制监督理论基础之上的。
●
相关链接 在五车中查询图书 在当当中查询图书 在豆瓣中查询图书


正题名:重大行政决策监督法治化研究     索取号:D922.114/11         预约/预借

序号 登录号 条形码 馆藏地/架位号 状态 备注
1 2001589229   2001589229   辽三/辽宁北配(第三批)/1968/ [索取号:D922.114/11] 在馆    
2 2001589230   2001589230   辽三/辽宁北配(第三批)/1968/ [索取号:D922.114/11] 在馆    
3 2001589231   2001589231   辽三/辽宁北配(第三批)/1968/ [索取号:D922.114/11] 在馆    
4 2001589232   2001589232   辽三/辽宁北配(第三批)/1968/ [索取号:D922.114/11] 在馆    
5 2001589233   2001589233   辽三/辽宁北配(第三批)/1968/ [索取号:D922.114/11] 在馆    
6 2001589234   2001589234   辽三/辽宁北配(第三批)/1968/ [索取号:D922.114/11] 在馆    
7 2001589235   2001589235   辽三/辽宁北配(第三批)/1968/ [索取号:D922.114/11] 在馆    
8 2001589236   2001589236   辽三/辽宁北配(第三批)/1968/ [索取号:D922.114/11] 在馆    
9 2001589237   2001589237   辽三/辽宁北配(第三批)/1968/ [索取号:D922.114/11] 在馆    
10 2001589238   2001589238   辽三/辽宁北配(第三批)/1968/ [索取号:D922.114/11] 在馆    
山东省滨州职业学院图书馆 欢迎您!
大连网信软件有限公司© 版权所有